Nông Quốc Chấn tác phẩm chọn lọc Tập 2 Thơ-phê bình-Tiểu luận-Hồi ký
Tuyển tập những tác phẩm chọn lọc của tác giả Nông Quốc Chấn.
Đã lưu trong:
| Tác giả chính: | |
|---|---|
| Định dạng: | Sách |
| Năm xuất bản: |
H.
Văn học
2017
|
| Chủ đề: | |
| Tags: |
Thêm thẻ
Không có thẻ, Hãy là người đầu tiên gắn thẻ bản ghi này!
|
| LEADER | 01052nam a2200205 4500 | ||
|---|---|---|---|
| 999 | |c 14538 |d 14538 | ||
| 082 | |a 895.9228 |b N455Q | ||
| 100 | |a Nông Quốc Chấn | ||
| 245 | |a Nông Quốc Chấn tác phẩm chọn lọc |c Nông Quốc Chấn |n Tập 2 |p Thơ-phê bình-Tiểu luận-Hồi ký | ||
| 260 | |a H. |b Văn học |c 2017 | ||
| 300 | |a 1147 tr. |c 21 cm. |b | ||
| 520 | |a Tuyển tập những tác phẩm chọn lọc của tác giả Nông Quốc Chấn. | ||
| 653 | |a Văn học | ||
| 653 | |a Thơ | ||
| 653 | |a Phê bình | ||
| 653 | |a Tiểu luận | ||
| 942 | |2 ddc |c STK0 | ||
| 952 | |0 0 |1 0 |2 ddc |4 0 |6 895_922334000000000_N455Q |7 0 |8 800 |9 111577 |a qbu |b qbu |c D5 |d 2017-08-17 |g 210000 |o 895.922334 N455Q |p 12559.c1 |r 2017-08-17 |w 2017-08-17 |y STK0 | ||
| 952 | |0 0 |1 0 |2 ddc |4 0 |6 895_922334000000000_N455Q |7 0 |8 800 |9 111578 |a qbu |b qbu |c D5 |d 2017-08-17 |g 210000 |o 895.922334 N455Q |p 12559.c2 |r 2017-08-17 |w 2017-08-17 |y STK0 | ||
| 952 | |0 0 |1 0 |2 ddc |4 0 |6 895_922334000000000_N455Q |7 0 |8 800 |9 111579 |a qbu |b qbu |c D5 |d 2017-08-17 |g 210000 |o 895.922334 N455Q |p 12559.c3 |r 2017-08-17 |w 2017-08-17 |y STK0 | ||